| 000 | 00659nam a22001937a 4500 | ||
|---|---|---|---|
| 999 |
_c169992 _d169992 |
||
| 005 | 20191209172109.0 | ||
| 010 | _aA-370252 | ||
| 020 |
_c50.00 _a- |
||
| 035 | _aA-370252 | ||
| 037 | _bBPPD | ||
| 082 | _a270 | ||
| 100 | _aسيد علی ہجو ير ی ر حمتہ اللہ عليہ | ||
| 245 |
_aکشف ا لمحجوب _cسيد علی ہجو ير ی ر حمتہ اللہ عليہ |
||
| 246 |
_aKashaf Almehjob (Urdu) _bby Syd,.Ali Hijoeri Rehmatullah Aleh |
||
| 260 |
_aDelhi _c1989 ء _bNaaz Publishing House |
||
| 270 |
_aPahari Bhojla _b Delhi _k- _e110006 |
||
| 300 |
_a579 ص _c22 cm(hb) |
||
| 942 |
_2ddc _cUR _h270 _mع ل ی |
||